000 00812nam a2200241 i 4500
001 18466
003 ES-MaACL
005 20230906151838.0
007 t|
008 011120s2001 sp ||||1| spa d
020 _a84-493-1103-9
080 _a179.9
100 1 _aMacIntyre, Alasdair C.
_975230
245 1 0 _aAnimales racionales y dependientes
_b: por qué los seres humanos necesitamos las virtudes /
_cAlasdair MacIntyre ; [traducción de Beatriz Martínez de Murguía].
260 _aBarcelona :
_bPaidós Ibérica,
_c[2001]
300 _a204 p. ;
_c22 cm.
490 1 _aPaidós básica ;
_v111
650 1 4 _aVirtudes.
_917830
700 1 _aMartínez de Murguía, Beatriz.
_978021
830 0 _aPaidós básica ;
_v111
_9178397
852 _aES-MaACL
_jL-25082
_bR.130639
999 _c18466
_d18466